000 01076nam a2200265 a 4500
005 20210219160405.0
008 081030s2000 mx r 000 0 spa d
020 _a9213216580
035 _aUPN01000164636
049 _aUNE
080 _a336.5: 37 (7/8) "2000" HAC No.42 Vol.I.
245 0 1 _a¿Hacia dónde va el gasto público en educación?: Logros y desafíos, Vol. I :La búsquedade la eficiencia/ por Ernesto Cohen; Ernesto Schiefelbein; Laurence Wolff; Paulina Schiefelbein.
260 _aSantiago de Chile : CEPAL, 2000.
300 _a48 p.; 28 cm. il.
440 0 _aSerie políticas sociales; 42, Vol. I
500 _aCopatrocinado por el Banco Interamericano de Desarrollo (BID) y la UNESCO.
500 _aIncluye bibliografía.
690 _aGasto educacional
690 _aAmérica Latina
700 1 _aCohen, Ernesto
700 1 _aWolff, Laurence
710 2 _aComisión Económica para América Latina
710 2 _aTaller sobre "Evaluación de la Gestión del Gasto Público en Educación", Chile: 27 de enero del 2000.
905 _aUNESCO
999 _c136748
_d136748